[Event "GER-chB Seniors 26th"]
[Site "Bad Neuenahr"]
[Date "2014.08.13"]
[Round "9"]
[White "Krowke, Gerhard"]
[Black "Krug, Franz Dieter"]
[Result "0-1"]
[WhiteElo "1627"]
[BlackElo "1596"]
[PlyCount "62"]
[EventDate "2014.08.05"]
[EventType "swiss"]
[EventRounds "9"]
[EventCountry "GER"]
[SourceTitle "EXT 2018"]
[Source "ChessBase"]
[SourceDate "2017.10.13"]
[SourceVersion "1"]
[SourceVersionDate "2017.10.13"]
[SourceQuality "1"]

1. d4 d5 2. Nf3 Nf6 3. e3 a6 4. c3 Bg4 5. Nbd2 e6 6. Bd3 c5 7. 0-0 c4 8. Bc2 Bd6 9. h3 Bh5 10. Re1 Nc6 11. e4 dxe4 12. Nxe4 0-0 13. Nxf6+ Qxf6 14. Bg5 Qxg5 15. Nxg5 Bxd1 16. Bxh7+ Kh8 17. Raxd1 Bf4 18. Nxe6 fxe6 19. Be4 Na5 20. Bf3 Rf6 21. Bg4 Re8 22. Re4 Rff8 23. Rxe6 Rxe6 24. Bxe6 b5 25. d5 Bd6 26. Rd4 g6 27. g3 Nb7 28. Kg2 Nc5 29. Rh4+ Kg7 30. f4 Na4 31. g4 Rxf4 0-1

[Event "GER-chB Seniors 26th"]
[Site "Bad Neuenahr"]
[Date "2014.08.11"]
[Round "7"]
[White "Krowke, Gerhard"]
[Black "Ludwig, Siegfried"]
[Result "0-1"]
[WhiteElo "1627"]
[BlackElo "1674"]
[PlyCount "68"]
[EventDate "2014.08.05"]
[EventType "swiss"]
[EventRounds "9"]
[EventCountry "GER"]
[SourceTitle "EXT 2018"]
[Source "ChessBase"]
[SourceDate "2017.10.13"]
[SourceVersion "1"]
[SourceVersionDate "2017.10.13"]
[SourceQuality "1"]

1. d4 d5 2. Nf3 Nf6 3. e3 Nc6 4. c3 a6 5. Nbd2 Bg4 6. Bd3 e5 7. e4 exd4 8. 0-0 Bd6 9. exd5 Nxd5 10. Qe1+ Be7 11. Nxd4 0-0 12. Nxc6 bxc6 13. Bxh7+ Kxh7 14. Qe4+ f5 15. Qc2 Kg8 16. Nc4 Bh5 17. Bd2 Be2 18. Ne5 Bxf1 19. Ng6 Rf6 20. Ne5 Qd6 21. Kxf1 Qxe5 22. g3 Re6 23. Re1 Qf6 24. Rd1 Re8 25. c4 Nb6 26. Bc3 Qf7 27. Rd4 Bc5 28. Rf4 Re4 29. b3 Rxf4 30. gxf4 Nc8 31. Qd3 Nd6 32. Be5 a5 33. Bxd6 Bxd6 34. Qxd6 cxd6 0-1